JoJo’s Bizarre Animals - Statistics

General Stats
  • This quiz has been taken 112 times
  • The average score is 26 of 50
Answer Stats
Hint Answer % Correct
It was punched by Will A. Zeppeli to demonstrate hamon Frog
98%
The name of Johnathan Joestar’s childhood pet Dog Danny
91%
The name of the Dog stand user of “The Fool”, who joins the Crusaders Iggy
87%
Polnareff finds this animal’s head in a toilet Pig
84%
Kars saved this animal from being struck by a car Dog
79%
Josuke heals this animal after it is almost killed by his school seniors Turtle
76%
The head of Avdol’s stand, “Magician’s Red” Bird
75%
Angelo kills this animal by biting its face off Dog
75%
Doppio uses one as a phone Frog
75%
The name of the Falcon stand user of “Horus” Pet Shop
72%
The name of the Orangutan stand user of “Strength” Forever
71%
Gwess shrinks Jolyne and forces her to wear this animal’s corpse Rat
70%
The pet of Daniel J. D’Arby, who tricks Polnareff Cat
67%
Kishibe Rohan licks it for his research Spider
67%
Giorno turns Koichi’s luggage into one Frog
66%
Foo Fighters is a sentient stand made up of these Plankton
66%
Weather Report’s “Heavy Weather” ability turns people into these Snails
66%
Ultimate Kars turns his hand into this animal Squirrel
66%
Diego’s stand, “Scary Monsters” allows him to transform himself into one Dinosaur
65%
Part of the pasta Joseph eats when he first meets Caesar Squid
65%
The name of the Turtle sand user of “Mr. President” Coco Jumbo
63%
Emporio rides on its back while Pucci resets the universe Dolphin
63%
The stand, “Tower of Gray”, takes the form of this animal Fly
63%
Jack the Ripper hid inside one of them Horse
63%
Squalo’s stand, “Clash” takes the form of this animal Shark
63%
Funny Valentine’s Stand, “Dirty Deeds Done Dirt Cheap” has the ears of this animal Rabbit
59%
The animal sent by Giorno to kill Melone Snake
59%
The name of Reimi’s pet Dog Arnold
51%
The name of Koichi’s pet Dog Police
50%
The name of Johnny Joestar’s Horse Slow Dancer
50%
The name of the Rat stand user of “Ratt” with a bitten ear Bug Eaten
49%
The Invisible animal revived by Limp Bizkit that attacks Jolyne and FF Alligator
47%
The name of the Cat Stand user of “Stray Cat” Tama
42%
The stand “Yo Yo Ma” hides them in its mouth to attack the group Mosquitoes
40%
The name of the other Rat stand user of “Ratt” with both ears intact Not Bug Eaten
40%
The name of Gyro Zeppeli’s Horse Valkyrie
40%
Three of them attack Jodio’s group with their stand, “Cat Size” Cats
36%
The name of the pigeon sent to retrieve Star Platinum’s DISC Savage Garden
36%
The name of Yasuho’s childhood pet Dog Josuke
34%
The animal controlled by Rikiel’s stand, “Sky High” Rods
33%
The name of Diego Brando’s Horse Silver Bullet
28%
Toru has two of these stuffed animals on his shirt Teddy Bear
26%
The animal which held the legs of the Saint’s Corpse Wolf
22%
The name of Tsurugi Higashikata’s pet Rock Dog Iwasuke
20%
The name of the rock animal shaped like coins that stick to Gappy’s body Obladi Oblada
20%
The name of the rock animal that carries Urban Guerilla Doremifasolatido
17%
The name of the rock animal shaped like a bamboo mat which changes shape Dododo de dadada
16%
These animals form a map on Laem Chabang’s glasses Nematodes
7%
The scientific name of the Beetle given to Gappy by Jobin Serrognathus Titanus
3%
The scientific name of the Beetle Jobin uses to fight Gappy’s Beetle Allotopus Rosenbergi
2%
No matching quizzes found
Score Distribution
Percent of People with Each Score
Percentile by Number Answered
Your Score History
You have not taken this quiz